| 000 | 01245 am a2200373 a 4500 | ||
|---|---|---|---|
| 005 | 20120417093923.0 | ||
| 008 | 100603s1996||||ag a f |||| 001 0 spa d | ||
| 020 | _a9504376053 | ||
| 041 | _aspa | ||
| 092 |
_c616.5 _l58 _sNUD |
||
| 100 | 1 |
_aNudenberg, Bernardo. _91258 |
|
| 245 |
_aAvances en colagenopatias / _cBernardo Nudenberg |
||
| 250 | _a1a ed. | ||
| 260 |
_aRosario [Santa Fe ; Argentina]: _bGalderma, _c1996. |
||
| 300 | _a252 p. | ||
| 653 | _aEsclerodermia | ||
| 653 | _aLupus eritematoso | ||
| 653 | _aDermatomiositis | ||
| 653 | _aSíndrome de Sjögren | ||
| 653 | _aSíndromes de superposición | ||
| 653 | _aFasceitis eosinofílica | ||
| 653 | _aVasculitis | ||
| 653 | _aLaboratorio y colagenopatias | ||
| 653 | _aPorfirias y colagenopatias | ||
| 653 | _aRaynaud primario y secundario | ||
| 653 | _aCrioglobulenemias | ||
| 653 | _aSíndrome antifosfolípido. Manifestaciones cutáneas | ||
| 653 | _aCapiloroscopia periungueal. Observaciones en colagenopatías | ||
| 700 | 1 |
_aPalatnik, Simón. _91259 |
|
| 700 | 1 |
_aFernández Bussy, Ramón. _91260 |
|
| 930 | _a1729 | ||
| 942 |
_2ddc _cBK |
||
| 952 |
_aBFM _bBFM _70 _p1729 _cCR _40 _00 _yBK _10 _o616.5 58 NUD _d2011-05-13 _tej.1 |
||
| 999 |
_c338 _d338 |
||